000 01032nam2a2200229 4500
001 rc\2827989
005 20260315044820.0
035 _a(NLR Aleph) 006986088
090 _a13570475
_c13570475
100 _a20110627d1931 u y0rusy50 ca
101 0 _arus
102 _aRU
105 _ay z |||||
200 1 _aЛесопильное производство
210 _d1931
461 0 _1001rc\2827984
_12001#$aˆ[‰Издания]$eВып. 1-$fЦентра бюро профтехнич. заочного обучения ВСНХ и ВСПК$vВып. 6
_95580272
_aЗаочные курсы механической обработки дерева (Москва)
_cМосква
_d1930-1931
_fЦентра бюро профтехнич. заочного обучения ВСНХ и ВСПК
_nРИО Всекопромсоюза
_oВып. 1-
_tˆ[‰Издания]
_vВып. 6
700 1 _aТеплов
_bВ.Л.
801 0 _aRU
_bNLR
_gpsbo
801 1 _aRU
_bELAR
_2rusmarc
852 _aNLR
_j30-17/338
942 _cUNSPEC
980 _aNB